000 00549nam a2200157 i 4500
001 99175
003 ES-MaACL
005 20230906182443.0
007 t|
008 050902s1912 sp ||||1| spa d
100 1 _aMartín Cano, Francisco.
_977429
245 1 0 _aAplicación de la hidrogenación por agentes catalíticos a la obtención de hidruros de antraceno
_b: Tesis doctoral /
_cFrancisco Martín Cano.
260 _aMadrid :
_b[s. n.],
_c1912 (
_fImp. de la Vda. e H. de Velasco)
502 _aTesis doctoral.
852 _aES-MaACL
_jT-1369-F-1
999 _c99175
_d99175